Post-Colonial Studies /
Պահպանված է:
| Հիմնական հեղինակ: | |
|---|---|
| Ձևաչափ: | Անհայտ |
| Լեզու: | Spanish |
| Հրապարակվել է: |
New York, Estados Unidos :
Routledge,
2005.
|
| Խորագրեր: | |
| Ցուցիչներ: |
Ավելացրեք ցուցիչ
Չկան պիտակներ, Եղեք առաջինը, ով նշում է այս գրառումը!
|
MARC
| LEADER | 000000000a22000000004500 | ||
|---|---|---|---|
| 001 | 009624 | ||
| 020 | |a 0415345650 | ||
| 041 | 0 | |a spa | |
| 082 | 0 | 4 | |a 820.9 |b P857p2 |
| 100 | 1 | |a Ashcroft, Bill | |
| 245 | 1 | 0 | |a Post-Colonial Studies / |c Bill Ashcroft. |
| 260 | 1 | |a New York, Estados Unidos : |b Routledge, |c 2005. | |
| 300 | |a 275 páginas | ||
| 500 | |a La biblioteca contiene dos ejemplares | ||
| 650 | 4 | |a LITERATURA BRITANICA (INGLES) | |
| 650 | 4 | |a HISTORIA Y CRITICA | |
| 650 | 4 | |a LITERATURA INGLESA | |
| 650 | 4 | |a PAISES DESARROLLADOS | |
| 650 | 4 | |a POSTCOLONIALISMO | |
| 650 | 4 | |a PAISES BRITANICOS | |
| 650 | 4 | |a POSTCOLONIZACION EN LA LITERATURA | |
| 650 | 4 | |a COLONIAS EN LA LITERATURA | |
| 999 | |c 15775 |d 15775 | ||
| 942 | |c BK |h 820.9 P857p2 |2 z | ||



